<?xml version="1.0" encoding="UTF-8"?>
<record
    xmlns:xsi="http://www.w3.org/2001/XMLSchema-instance"
    xsi:schemaLocation="http://www.loc.gov/MARC21/slim http://www.loc.gov/standards/marcxml/schema/MARC21slim.xsd"
    xmlns="http://www.loc.gov/MARC21/slim">

  <leader>02725nmm a2200697 a 4500</leader>
  <controlfield tag="003">AR-BaBNM</controlfield>
  <controlfield tag="005">20251128203059.0</controlfield>
  <controlfield tag="008">135020s2001    ||||||||||||||000 | spa||</controlfield>
  <datafield tag="020" ind1=" " ind2=" ">
    <subfield code="a">950-701-662-7</subfield>
  </datafield>
  <datafield tag="040" ind1=" " ind2=" ">
    <subfield code="c">AR-BaBNM</subfield>
  </datafield>
  <datafield tag="245" ind1="1" ind2="0">
    <subfield code="a">Palabrabierta</subfield>
    <subfield code="b">antolog&#xED;a literaria</subfield>
  </datafield>
  <datafield tag="246" ind1="1" ind2=" ">
    <subfield code="a">Palabrabierta 8</subfield>
    <subfield code="b">(antolog&#xED;a literaria)</subfield>
  </datafield>
  <datafield tag="250" ind1=" " ind2=" ">
    <subfield code="a">1&#xAA; ed.</subfield>
  </datafield>
  <datafield tag="260" ind1=" " ind2=" ">
    <subfield code="a">Buenos Aires</subfield>
    <subfield code="b">Aique</subfield>
    <subfield code="c">2001</subfield>
  </datafield>
  <datafield tag="300" ind1="0" ind2=" ">
    <subfield code="a">159 p.</subfield>
  </datafield>
  <datafield tag="500" ind1="0" ind2=" ">
    <subfield code="a">Se entrega junto con el texto Lengua 8 de editorial Aique</subfield>
  </datafield>
  <datafield tag="500" ind1="0" ind2=" ">
    <subfield code="a">Libros distribuidos por el MECYT en el marco del PROMSE 2004-2005</subfield>
  </datafield>
  <datafield tag="505" ind1=" " ind2=" ">
    <subfield code="t">El barrio</subfield>
    <subfield code="r">Benedetti, Mario</subfield>
  </datafield>
  <datafield tag="505" ind1=" " ind2=" ">
    <subfield code="t">Concierto para viol&#xED;n y orquesta Op. 61</subfield>
    <subfield code="r">Balzarino, Angel</subfield>
  </datafield>
  <datafield tag="505" ind1=" " ind2=" ">
    <subfield code="t">La cocina</subfield>
    <subfield code="r">Trozzo de Servera, Ester</subfield>
  </datafield>
  <datafield tag="505" ind1=" " ind2=" ">
    <subfield code="t">El bloque de hielo</subfield>
    <subfield code="r">Presber, Rodolfo</subfield>
  </datafield>
  <datafield tag="505" ind1=" " ind2=" ">
    <subfield code="t">El cansancio de todas las cosas</subfield>
    <subfield code="r">Aceves, Ra&#xFA;l</subfield>
  </datafield>
  <datafield tag="505" ind1=" " ind2=" ">
    <subfield code="t">La luna</subfield>
    <subfield code="r">Sabines, Jaime</subfield>
  </datafield>
  <datafield tag="505" ind1=" " ind2=" ">
    <subfield code="t">Amo, amas</subfield>
    <subfield code="r">Dar&#xED;o, Rub&#xE9;n</subfield>
  </datafield>
  <datafield tag="505" ind1=" " ind2=" ">
    <subfield code="t">Balada de la primera novia</subfield>
    <subfield code="r">Dolina, Alejandro</subfield>
  </datafield>
  <datafield tag="505" ind1=" " ind2=" ">
    <subfield code="t">La cita</subfield>
    <subfield code="r">Jim&#xE9;nez Romero, Edgardo</subfield>
  </datafield>
  <datafield tag="505" ind1=" " ind2=" ">
    <subfield code="t">Don Juan (fragmento)</subfield>
    <subfield code="r">Zorrilla, Jos&#xE9;</subfield>
  </datafield>
  <datafield tag="505" ind1=" " ind2=" ">
    <subfield code="t">La sirena</subfield>
    <subfield code="r">Mujica L&#xE1;inez, Manuel</subfield>
  </datafield>
  <datafield tag="505" ind1=" " ind2=" ">
    <subfield code="t">La estaci&#xF3;n de las frases</subfield>
    <subfield code="r">Caldwell, Erskine</subfield>
  </datafield>
  <datafield tag="505" ind1=" " ind2=" ">
    <subfield code="t">La clase de matem&#xE1;ticas</subfield>
    <subfield code="r">Allassia, Mar&#xED;a Guadalupe</subfield>
  </datafield>
  <datafield tag="505" ind1=" " ind2=" ">
    <subfield code="t">Saludaremos en el atrio</subfield>
    <subfield code="r">Fern&#xE1;ndez, Rub&#xE9;n</subfield>
  </datafield>
  <datafield tag="505" ind1=" " ind2=" ">
    <subfield code="t">Un cuento de amor</subfield>
    <subfield code="r">Fern&#xE1;ndez, Marcial</subfield>
  </datafield>
  <datafield tag="505" ind1=" " ind2=" ">
    <subfield code="t">El enfermo imaginario (fragmento)</subfield>
    <subfield code="r">Moli&#xE8;re</subfield>
  </datafield>
  <datafield tag="505" ind1=" " ind2=" ">
    <subfield code="t">La frontera de papel</subfield>
    <subfield code="r">Matamala, Angel</subfield>
  </datafield>
  <datafield tag="505" ind1=" " ind2=" ">
    <subfield code="t">Emparejando queso</subfield>
    <subfield code="r">Romagnoli, Juan</subfield>
  </datafield>
  <datafield tag="505" ind1=" " ind2=" ">
    <subfield code="t">El pr&#xED;ncipe que todo lo ten&#xED;a (y todo lo perdi&#xF3;)</subfield>
    <subfield code="r">Bogaerts, Jorge</subfield>
  </datafield>
  <datafield tag="505" ind1=" " ind2=" ">
    <subfield code="t">Comehoras</subfield>
    <subfield code="r">Saona, Margarita</subfield>
  </datafield>
  <datafield tag="505" ind1=" " ind2=" ">
    <subfield code="t">Una mosca vulgar</subfield>
    <subfield code="r">Hamsun, Knut</subfield>
  </datafield>
  <datafield tag="505" ind1=" " ind2=" ">
    <subfield code="t">El fantasma</subfield>
    <subfield code="r">Anderson Imbert, Enrique</subfield>
  </datafield>
  <datafield tag="505" ind1=" " ind2=" ">
    <subfield code="t">El pescador del Cabo del Halc&#xF3;n</subfield>
    <subfield code="r">Lovecraft, H.P.</subfield>
  </datafield>
  <datafield tag="505" ind1=" " ind2=" ">
    <subfield code="t">Los anteojos del verano</subfield>
    <subfield code="r">Antognazzi, Carlos O.</subfield>
  </datafield>
  <datafield tag="505" ind1=" " ind2=" ">
    <subfield code="t">La mano</subfield>
    <subfield code="r">Maupassant, Guy de</subfield>
  </datafield>
  <datafield tag="505" ind1=" " ind2=" ">
    <subfield code="t">Unicornio</subfield>
    <subfield code="r">Figueroa, Fabiola</subfield>
  </datafield>
  <datafield tag="505" ind1=" " ind2=" ">
    <subfield code="t">Mi mujer y la otra</subfield>
    <subfield code="r">Arciniegas, Triunfo</subfield>
  </datafield>
  <datafield tag="505" ind1=" " ind2=" ">
    <subfield code="t">El sat&#xE9;lite</subfield>
    <subfield code="r">Viale, Oscar</subfield>
  </datafield>
  <datafield tag="505" ind1=" " ind2=" ">
    <subfield code="t">La educaci&#xF3;n del joven Jeannot</subfield>
    <subfield code="r">Voltaire</subfield>
  </datafield>
  <datafield tag="505" ind1=" " ind2=" ">
    <subfield code="t">El hombre de la bolsa</subfield>
    <subfield code="r">Blaisten, Isidoro</subfield>
  </datafield>
  <datafield tag="505" ind1=" " ind2=" ">
    <subfield code="t">Veneranda</subfield>
  </datafield>
  <datafield tag="505" ind1=" " ind2=" ">
    <subfield code="t">A una nariz</subfield>
    <subfield code="r">Quevedo, Francisco de</subfield>
  </datafield>
  <datafield tag="505" ind1=" " ind2=" ">
    <subfield code="t">Miss Lavandina</subfield>
    <subfield code="r">Drago, Alberto</subfield>
  </datafield>
  <datafield tag="505" ind1=" " ind2=" ">
    <subfield code="t">Disputa de los griegos y los romanos</subfield>
    <subfield code="r">Ruiz, Juan, Arcipreste de Hita</subfield>
  </datafield>
  <datafield tag="505" ind1=" " ind2=" ">
    <subfield code="t">La farolera</subfield>
    <subfield code="r">Ferrero, Diego</subfield>
  </datafield>
  <datafield tag="650" ind1=" " ind2="4">
    <subfield code="a">ANTOLOGIAS</subfield>
  </datafield>
  <datafield tag="650" ind1=" " ind2="4">
    <subfield code="a">ESCRITORES</subfield>
  </datafield>
  <datafield tag="653" ind1=" " ind2="0">
    <subfield code="a">LITERATURA JUVENIL</subfield>
  </datafield>
  <datafield tag="653" ind1=" " ind2="0">
    <subfield code="a">INICIACION LITERARIA</subfield>
  </datafield>
  <datafield tag="655" ind1=" " ind2=" ">
    <subfield code="a">LITERATURA</subfield>
  </datafield>
  <datafield tag="700" ind1="1" ind2=" ">
    <subfield code="a">Forero, Mar&#xED;a Teresa</subfield>
    <subfield code="e">compilador</subfield>
  </datafield>
  <datafield tag="942" ind1=" " ind2=" ">
    <subfield code="c">BK</subfield>
  </datafield>
  <datafield tag="998" ind1=" " ind2=" ">
    <subfield code="c">me-solo cat</subfield>
  </datafield>
  <datafield tag="999" ind1=" " ind2=" ">
    <subfield code="c">1790</subfield>
    <subfield code="d">1790</subfield>
  </datafield>
  <datafield tag="952" ind1=" " ind2=" ">
    <subfield code="0">0</subfield>
    <subfield code="1">0</subfield>
    <subfield code="2">ddc</subfield>
    <subfield code="4">0</subfield>
    <subfield code="5">1</subfield>
    <subfield code="7">1</subfield>
    <subfield code="a">LPL</subfield>
    <subfield code="b">LPL</subfield>
    <subfield code="d">2025-11-28</subfield>
    <subfield code="e">D-MECYT-PROMSE-2005</subfield>
    <subfield code="l">0</subfield>
    <subfield code="o">82-82 FOR</subfield>
    <subfield code="p">138140</subfield>
    <subfield code="r">2025-11-28 20:30:59</subfield>
    <subfield code="w">2025-11-28</subfield>
    <subfield code="y">BK</subfield>
  </datafield>
</record>
